Statistics for Human Body Parts Chain #1

Click here to take the quiz!

General Stats

  • This quiz has been taken 668 times
  • The average score is 11 of 20

Answer Stats

HintAnswer% Correct
It can leap, sink, break, and miss a beatHeart
97%
Smoking does them no goodLungs
86%
The main arteryAorta
78%
Two bean-shaped organsKidneys
74%
One of the skin layersEpidermis
65%
The shinboneTibia
63%
Reminder of the umbilical cordNavel
63%
Consists of the carpal bonesWrist
60%
Basically facial hair that everybody hasEyebrow
59%
Common disorders are scoliosis, lordosis, and kyphosisSpine
58%
It can be sour, strong, full, or emptyStomach
57%
Between the chest and the waistAbdomen
57%
Commonly regarded as the strongest muscleTongue
53%
Related to the teethDental
43%
The female one is larger and broaderPelvis
43%
Part of the CNSBrain
42%
You break it when you try your hardestNeck
33%
ExtremityLimb
32%
Some may remove it from you as a trophyScalp
29%
For example sex hormones and vitamin D forms (singular)Steroid
7%

Score Distribution

Percentile by Number Answered

Percent of People with Each Score

Your Score History

You have not taken this quiz